| 000 | 01094cam a2200385 4500 | ||
|---|---|---|---|
| 001 | E10927 | ||
| 008 | 000000n2003 000 0 eng u | ||
| 022 | _a1353-1824 | ||
| 035 | _a(Sirsi) u121744 | ||
| 041 | _aeng | ||
| 050 |
_a692.5 _c18 |
||
| 110 |
_aUnited Kingdom _bDepartment of Trade and Industry |
||
| 245 | _aPublic sector construction works : quarterly building price & cost indices. - March to December 2003 | ||
| 260 |
_aHornchurch _bTudorseed Construction _c2003 |
||
| 300 | _a4pt. ; 30cm. | ||
| 350 | _a70.00 | ||
| 650 | _aAPSAB INDEX | ||
| 650 | _aBUILT ENVIRONMENT-BUILDING COSTS | ||
| 650 | _aFOCOS INDEX | ||
| 650 | _aFORVOP INDEX | ||
| 650 | _aHOCOS INDEX | ||
| 650 | _aHOMACOS INDEX | ||
| 650 | _aNOCOS INDEX | ||
| 650 | _aNOMACOS INDEX | ||
| 650 | _aOUTPUT INDEX | ||
| 650 | _aPUBLIC SECTOR CONSTRUCTION WORKS | ||
| 650 | _aPUBSEC INDEX | ||
| 650 | _aBUILT ENVIRONMENT-QUANTITY SURVEYING | ||
| 650 | _aROADCON INDEX | ||
| 650 | _aROCOS INDEX | ||
| 650 | _aSTATISTICS | ||
| 650 | _aTENDER PRICES | ||
| 650 | _aTPISH INDEX | ||
| 942 | _n0 | ||
| 999 |
_c102722 _d102722 |
||